000 01925nam a22002417a 4500
001 9618
003 FISKH
005 20260126104755.0
008 260126b cb ||||| |||| 00| 0 eng d
020 _a9781784161859
040 _aFISKH
_beng
_cFISKH
_dFISKH
050 _aQ162 .B88
082 _a500
100 _aBryson, Bill
_eAuthor
245 _aA short history of nearly everything /
_cBill Bryson
260 _aLondon :
_bBlack Swan ,
_c2004
300 _a666 pages :
_billustrations ;
_c20 cm
520 _aIn this book Bill Bryson explores the most intriguing and consequential questions that science seeks to answer and attempts to understand everything that has transpired from the Big Bang to the rise of civilization. To that end, Bill Bryson apprenticed himself to a host of the world's most profound scientific minds, living and dead. His challenge is to take subjects like geology, chemistry, paleontology, astronomy, and particle physics and see if there isn't some way to render them comprehensible to people, like himself, made bored (or scared) stiff of science by school. His interest is not simply to discover what we know but to find out how we know it. How do we know what is in the center of the earth, thousands of miles beneath the surface? How can we know the extent and the composition of the universe, or what a black hole is? How can we know where the continents were 600 million years ago? How did anyone ever figure these things out? On his travels through space and time, Bill Bryson encounters a splendid gallery of the most fascinating, eccentric, competitive, and foolish personalities ever to ask a hard question. In their company, he undertakes a sometimes profound, sometimes funny, and always supremely clear and entertaining adventure in the realms of human knowledge.
650 _aHistory of science
_vHumor
650 _aEvolution
_vFunny
942 _2ddc
_cBK
_n0
999 _c9618
_d9618